Personnages de fiction en images #7 - Statistiques

Statistiques générales
  • Ce quiz a été pris 177 fois
  • Le résultat moyen est 14 sur 40
Statistiques - réponses
Par images Hint Réponse % Correct
Batman Harley Quinn
92%
Ralph La Casse
83%
Maggie Simpson
71%
Sherlock Holmes
70%
Donkey Kong Diddy Kong
54%
Schtroumpf grognon
54%
Les Mystérieuses Cités d'Or Tao
54%
Star Wars Kylo Ren
51%
La Flamme Marc
51%
Pirates des Caraïbes Elizabeth Swann
50%
Cendrillon Gus
49%
Les Animaux fantastiques Norbert Dragonneau
48%
Winx Club Bloom
42%
Animal Crossing Tom Nook
42%
Zootopie Judy Hopps
38%
Titeuf Manu
38%
Astérix Agecanonix
37%
L'Attaque des Titans Armin Arlelt
37%
Fast and Furious Dominic Toretto
37%
Riverdale Betty Cooper
32%
Tortues Ninja Splinter
32%
Charmed Prudence Halliwell
31%
Game of Thrones Ramsay Bolton
29%
Mickey Mouse Pat Hibulaire
27%
Star Fox Falco Lombardi
25%
Grand Theft Auto Michael De Santa
25%
La Pat' Patrouille Chase
23%
Retour vers le futur Einstein
23%
Desperate Housewives Edie Britt
20%
Camping Paradis Tom Delormes
19%
Shameless Fiona Gallagher
18%
Jurassic Park Ian Malcolm
18%
Sex Education Eric Effiong
17%
Lilo & Stitch Nani
17%
Modern Family Jay Pritchett
9%
Lost : Les Disparus Kate Austen
9%
Community Abed Nadir
7%
Beverly Hills 90210 Steve Sanders
7%
Dallas Cliff Barnes
4%
Star Trek Nyota Uhura
2%
Aucun quiz correspondant
Distribution des résultats
% des personnes avec chaque résultat
Percentile par nombre de réponses
Votre historique - résultats
Vous n’avez pas pris ce quiz